Raven (Record no. 116987)

MARC details
000 -LÍDER
campo de controle de tamanho fixo 00913 a2200241 4500
001 - NÚMERO DE CONTROLE
campo de controle 116987
020 ## - ISBN - INTERNATIONAL STANDARD BOOK NUMBER
ISBN - International Standard Book Number 9780152024499
020 ## - ISBN - INTERNATIONAL STANDARD BOOK NUMBER
Informação qualificadora broch.
041 ## - CÓDIGO DE IDIOMA
Código do idioma do texto/trilha sonora ou título diferente eng
082 ## - CDD - CLASSIFICAÇÃO DECIMAL DE DEWEY
Número de Classificação P Year 4 398
040 ## - FONTE DA CATALOGAÇÃO
Instituição da catalogação original BR-BrIDEA
Instituição que transcreveu o registro BR-BrIDEA
090 ## - NÚMERO DE CHAMADA LOCAL
Número de chamada (OCLC) (R); Número de chamada, CALL (RLIN) (NR) P Year 4 398
Número Cutter local (OCLC); Número de classificação do livro, CALL (RLIN) MCD
100 ## - ENTRADA PRINCIPAL--NOME PESSOAL
Nome pessoal McDermott, Gerald.
250 ## - EDIÇÃO
Edição 1st Voyager Books ed.
245 10 - TÍTULO
Título Raven
Restante do título a trickster tale from the Pacific Northwest
Indicação de responsabilidade, etc. Gerald McDermott
260 ## - PUBLICAÇÃO, DISTRIBUIÇÃO, ETC.
Local de publicação, distribuição, etc. Orlando
Nome do editor, distribuidor, etc. Harcourt
Data da publicação, distribuição, etc. 2001
300 ## - DESCRIÇÃO FÍSICA
Extensão [32] p.
520 ## - NOTA DE RESUMO, ETC
Resumo, etc. Raven, the trickster, wants to give people the gift of light. But can he find out where Sky Chief keeps it? And if he does, will he be able to escape without being discovered? His dream seems impossible, but if anyone can find a way to bring light to the world, wise and clever Raven can!
697 ## - ENTRADA DE ASSUNTO LOCAL--ENTIDADE COLETIVA (RLIN)
Nome corporativo ou nome da jurisdição Folklore - Pacific Northwest
697 ## - ENTRADA DE ASSUNTO LOCAL--ENTIDADE COLETIVA (RLIN)
Nome corporativo ou nome da jurisdição Ravens - Folklore.
856 ## - LOCALIZAÇÃO ELETRÔNICA E ACESSO
Uniform Resource Identifier <a href="000027/000027ba.webp">000027/000027ba.webp</a>
942 ## - ELEMENTOS DE ENTRADA ADICIONADOS (KOHA)
Tipo de material Koha Livros
Holdings
Situação do descarte Situação das perdas Fonte da classificação ou esquema de arquivamento na estante Situação física Não pode ser emprestado Biblioteca de origem Biblioteca atual Data de aquisição Total de empréstimos Número de chamada completo Código de barras Data de último acesso Data do preço efetivo Tipo de material Koha Data do último empréstimo
    Classificação Decimal de Dewey     ECB - SUDOESTE ECB - SUDOESTE 03/02/2021   P Year 4 398 MCD 00052934SSW 23/01/2024 23/01/2024 Livros  
    Classificação Decimal de Dewey     ECB - SUDOESTE ECB - SUDOESTE 03/02/2021   P Year 4 398 MCD 00052935SSW 23/01/2024 23/01/2024 Livros  
    Classificação Decimal de Dewey     ECB - SUDOESTE ECB - SUDOESTE 03/02/2021   P Year 4 398 MCD 00052936SSW 23/01/2024 23/01/2024 Livros  
    Classificação Decimal de Dewey     ECB - ÁGUAS CLARAS ECB - ÁGUAS CLARAS 19/02/2021 1 AP Year 4 398 MCD 00053281AGC 07/03/2024 23/01/2024 Livros 23/02/2024
    Classificação Decimal de Dewey     ECB - ÁGUAS CLARAS ECB - ÁGUAS CLARAS 19/02/2021 1 AP Year 4 398 MCD 00053282AGC 07/03/2024 23/01/2024 Livros 23/02/2024